000 00379nam a2200157Ia 4500
008 230524s9999 xx 000 0 und d
082 _a4
_bGAN
100 _aHeinz Wehner
245 0 _aIntroduction to Galvanism -Pi 25
250 _a2ND
260 _aNEW DELHI
_bWiley Eastern
_c2005
300 _aXVI;247
500 _aQuantity Number: 2
650 _aPhysics
942 _cBK
999 _c14739
_d14739